| 000 | 00809nam a2200241 i 4500 | ||
|---|---|---|---|
| 001 | bg | ||
| 100 | 1 | _aKASPRZAK, Andrzej | |
| 245 | 1 | 0 |
_aRozległe sieci komputerowe z komutacją pakietów / _cAndrzej Kasprzak. |
| 250 | _aWyd. 2 popr. | ||
| 260 |
_aWrocław : _bOficyna Wydawnicza Politechniki Wrocławskiej, _c1999. |
||
| 300 |
_a232 s. : _brys., 3 wykr. ; _c24 cm. |
||
| 504 | _aBibliogr. s. 228-232. | ||
| 521 | _aDla studentów kierunku informatyka wyższych uczelni tech. oraz inżynierów zajmujących się sieciami rozległymi. | ||
| 650 | 9 | _aSieć komputerowa rozległa | |
| 655 | _aPodręczniki akademickie | ||
| 020 | _a8370854397 | ||
| 040 | _cBPK | ||
| 041 | 0 | _apl | |
| 080 | _a004.735(075.8) | ||
| 920 | _a83-7085-439-7 | ||
| 942 | _cKS | ||
| 008 | s pl f |000 0 pol | ||
| 999 |
_c36210 _d36210 |
||
| 856 |
_uhttp://koha.tu.koszalin.pl/cgi-bin/koha/opac-detail.pl?biblionumber=36210 _yKatalog online BPK |
||